| 000 | 01337cam a2200373 i 4500 | ||
|---|---|---|---|
| 005 | 20230516104249.0 | ||
| 008 | 151118s2016 nyua b 001 0 eng | ||
| 010 | _a 2015957828 | ||
| 020 | _a9781464154386 | ||
| 020 | _a1464154384 | ||
| 035 | _a(OCoLC)ocn936711467 | ||
| 040 |
_aZNC _cZNC _dDLC |
||
| 042 | _alccopycat | ||
| 050 | 0 | 0 |
_aBF121 _b.M9353 2016 |
| 082 |
_a150 _bMYE-E |
||
| 100 | 1 | _aMyers, David G. | |
| 245 | 1 | 0 |
_aExploring psychology in modules / _cDavid G. Myers, Hope College, Holland, Michigan , C. Nathan DeWall, University of Kentucky, Lexington, Kentucky. |
| 250 | _aTenth edition. | ||
| 260 |
_aUSA _bWorth Publishers _c2016 |
||
| 264 | 1 |
_aNew York, NY : _bWorth Publishers, _c[2016] |
|
| 300 |
_a1 volume (various pagings) : _bcolor illustrations ; _c27 cm |
||
| 336 |
_atext _btxt _2rdacontent |
||
| 337 |
_aunmediated _bn _2rdamedia |
||
| 338 |
_avolume _bnc _2rdacarrier |
||
| 500 | _aIncludes Index | ||
| 504 | _aIncludes bibliographical references and indexes. | ||
| 650 | 0 | _aPsychology. | |
| 650 | 7 |
_aPsychology. _2fast _0(OCoLC)fst01081447 |
|
| 700 | 1 |
_aDeWall, C. Nathan, _d1954- |
|
| 906 |
_a7 _bcbc _ccopycat _d3 _encip _f20 _gy-gencatlg |
||
| 999 |
_c18355 _d18355 |
||